书目信息 |
| 题名: |
论证2
|
|
| 作者: | 赵汀阳 主编 | |
| 分册: | ||
| 出版信息: | 桂林 广西师范大学出版社 2002 |
|
| 页数: | 293页 | |
| 开本: | 26cm | |
| 丛书名: | ||
| 单 册: | ||
| 中图分类: | B-53 | |
| 科图分类: | ||
| 主题词: | 哲学--随笔--文集 | |
| 电子资源: | ||
| ISBN: | 7-5633-3326-6 | |
| 000 | 00531nam0 2200193 45 | |
| 001 | 0304150809 | |
| 005 | 20031219104109.3 | |
| 010 | @a7-5633-3326-6@dCNY19.80 | |
| 100 | @a20030415d2002 km y0chiy0120 ea | |
| 101 | 0 | @achi |
| 105 | @a z 000yy | |
| 200 | 1 | @a论证2@ALun Zheng 2@f赵汀阳主编@FZhao Ting Yang Zhu Bian |
| 210 | @a桂林@c广西师范大学出版社@d2002 | |
| 215 | @a293页@d26cm | |
| 606 | 0 | @a哲学@x随笔@x文集 |
| 690 | @aB-53@v4 | |
| 701 | 0 | @a赵汀阳@4主编 |
| 801 | @aCN@bTSTC@c20030417 | |
| 905 | @b322713-716@dB-53@e34:2@f4 | |
| 论证2/赵汀阳主编.-桂林:广西师范大学出版社,2002 |
| 293页;26cm |
| ISBN 7-5633-3326-6:CNY19.80 |
| ● |
| 相关链接 |
|
|
|
|
正题名:论证2
索取号:B-53/34:2
 
预约/预借
| 序号 | 登录号 | 条形码 | 馆藏地/架位号 | 状态 | 备注 |
| 1 | 0322713 | 203227132 | 第一借阅区/ [索取号:B-53/34:2] | 在馆 | |
| 2 | 0322714 | 203227141 | 第一借阅区/ [索取号:B-53/34:2] | 在馆 | |
| 3 | 0322715 | 203227150 | 第一借阅区/ [索取号:B-53/34:2] | 在馆 | |
| 4 | 0322716 | 203227169 | 第一样本阅览室/ [索取号:B-53/34:2] | 在馆 |